Nationalism (Record no. 1235998)

MARC details
000 -LEADER
fixed length control field 00686nam a22002177a 4500
003 - CONTROL NUMBER IDENTIFIER
control field OSt
005 - DATE AND TIME OF LATEST TRANSACTION
control field 20250117125612.0
008 - FIXED-LENGTH DATA ELEMENTS--GENERAL INFORMATION
fixed length control field 250114b |||||||| |||| 00| 0 eng d
020 ## - INTERNATIONAL STANDARD BOOK NUMBER
International Standard Book Number 978-1-138-35061-8
037 ## - SOURCE OF ACQUISITION
Terms of availability TB
040 ## - CATALOGING SOURCE
Original cataloging agency CRL
Language of cataloging eng
Transcribing agency CRL
041 ## - LANGUAGE CODE
Language code of text/sound track or separate title eng
100 ## - MAIN ENTRY--PERSONAL NAME
Personal name Kaplan, david H. ; Hannum, Kathryn
9 (RLIN) 730569
245 ## - TITLE STATEMENT
Title Nationalism
Statement of responsibility, etc. David H. Kaplan; Kathryn Hannum
260 ## - PUBLICATION, DISTRIBUTION, ETC.
Place of publication, distribution, etc. London
Name of publisher, distributor, etc. Routledge
Date of publication, distribution, etc. 2024
300 ## - PHYSICAL DESCRIPTION
Extent xv,203p.
490 ## - SERIES STATEMENT
Series statement Key ideas in geography
650 ## - SUBJECT ADDED ENTRY--TOPICAL TERM
Topical term or geographic name entry element Nationalism; Political Science
9 (RLIN) 730570
942 ## - ADDED ENTRY ELEMENTS (KOHA)
Source of classification or shelving scheme Colon Classification (CC)
Koha item type Textbook
Classification part W94 R4
Suppress in OPAC No
Holdings
Withdrawn status Lost status Source of classification or shelving scheme Damaged status Not for loan Home library Current library Date acquired Source of acquisition Inventory number Total Checkouts Full call number Barcode Date last seen Price effective from Koha item type
    Colon Classification (CC)     Central Library Central Library 2025-01-14 Bright Book Service 2412 & 2025-01-02   W94 R4 CL1682359 2025-01-14 2025-01-14 Textbook
Copyright @ Delhi University Library System